What Is Patriarchy? (Record no. 10540)

MARC details
000 -LEADER
fixed length control field 00638nam a2200265 a 4500
020 ## - INTERNATIONAL STANDARD BOOK NUMBER
ISBN 8185107
082 00 - DEWEY DECIMAL CLASSIFICATION NUMBER
Classification number 306.85
Author Cutter BHA
100 ## - MAIN ENTRY--AUTHOR NAME
Author name Bhasin, Kamla
245 ## - TITLE STATEMENT
Title What Is Patriarchy?
260 ## - PUBLICATION, DISTRIBUTION, ETC. (IMPRINT)
Place of publication Delhi
Name of publisher Kali for Women
Year of publication 1993
300 ## - PHYSICAL DESCRIPTION
Number of Pages 41p
500 ## - GENERAL NOTE
General note includes index and biblioraphy
505 2# - FORMATTED CONTENTS NOTE
Formatted contents note Index
650 ## - SUBJECT ADDED ENTRY--TOPICAL TERM
Topical Term Family-India-Patriarchy
650 ## - SUBJECT ADDED ENTRY--TOPICAL TERM
Topical Term Patriarchy
650 ## - SUBJECT ADDED ENTRY--TOPICAL TERM
Topical Term Women-Patriarchy
942 ## - ADDED ENTRY ELEMENTS (KOHA)
Koha item type Books
700 1# -
-- Bhasin, Kamla
Holdings
Collection code Home library Current library Date acquired Cost, normal purchase price Full call number Accession Number Koha item type
  Henry Martyn Institute Library Henry Martyn Institute Library 04/05/2007 20.00 306.85 BHA 016517 Books
                   Copyright © 2026 | Henry Martyn Institute | Hyderabad | TS-500052 | INDIA | Implemented by hmi.edu.in
Hit-Count:

Powered by Koha